000 00605nas a2200205 4500
001 BR9508615
003 BR-BrBNA
005 20231205094549.0
007 ta
008 230509b bl.|||p| |||| 00| 00por d
040 _aBR-BrBNA
_bpor
_cBiblioteca Nacional de Agricultura
041 _a(Pt)
072 _aF06
100 1 _aReche, A.
245 1 _aDe gota em gota, a agua vai aumentando a produtividade
650 _aIrrigacao por Gotejamento
773 0 _tAgricultura de Hoje (Brazil)
_x
_g(May 1977), v. 3(25) p. 58-61
_wBR9508615
909 _a202311
_bLúcia
_c55
_dLúcia Elande
942 _2AGRIS
_n0
_cANA
999 _c145287
_d145287